Introducción a la teoría general de la administración. (Registro nro. 61421)
[ vista simple ]
| 000 -LEADER | |
|---|---|
| fixed length control field | 00601nam a2200193 a 4500 |
| 001 - CONTROL NUMBER | |
| control field | 61421 |
| 005 - DATE AND TIME OF LATEST TRANSACTION | |
| control field | 20180714063037.0 |
| 008 - FIXED-LENGTH DATA ELEMENTS--GENERAL INFORMATION | |
| fixed length control field | 140912s2014 mex 000 spa d |
| 020 ## - INTERNATIONAL STANDARD BOOK NUMBER | |
| International Standard Book Number | 978-607-15-0980-2 |
| 100 1# - MAIN ENTRY--PERSONAL NAME | |
| Personal name | CHIAVENATO, IDALBERTO |
| 245 10 - TITLE STATEMENT | |
| Title | Introducción a la teoría general de la administración. |
| 250 ## - EDITION STATEMENT | |
| Edition statement | Octava edición |
| 264 #1 - PRODUCTION, PUBLICATION, DISTRIBUTION, MANUFACTURE, AND COPYRIGHT NOTICE | |
| Place of production, publication, distribution, manufacture | México : |
| Name of producer, publisher, distributor, manufacturer | Mc Graw Hill |
| Date of production, publication, distribution, manufacture, or copyright notice | 2014 |
| 300 ## - PHYSICAL DESCRIPTION | |
| Extent | 487 paginas ; |
| Dimensions | 28 cm. |
| 336 ## - CONTENT TYPE | |
| Content type term | texto |
| Source | rdacontent |
| 337 ## - MEDIA TYPE | |
| Media type term | sin mediación |
| Source | rdamedia |
| 338 ## - CARRIER TYPE | |
| Carrier type term | volumen |
| Source | rdacarrier |
| 490 0# - SERIES STATEMENT | |
| Series statement | TEORIA GENERAL DE LA ADMINISTRACION |
| Withdrawn status | Lost status | Source of classification or shelving scheme | Damaged status | Not for loan | Collection code | Home library | Current library | Shelving location | Date acquired | Source of acquisition | Total Checkouts | Full call number | Barcode | Date last seen | Date last checked out | Price effective from | Koha item type |
|---|---|---|---|---|---|---|---|---|---|---|---|---|---|---|---|---|---|
| Dewey Decimal Classification | General | Tehuacán | Tehuacán | Sala general | 12/09/2014 | Compra | CHIA | 508870 | 08/01/2025 | 07/02/2018 | 12/09/2014 | Libro |